00407nam a2200121Ia 45000010005000000080041000050820022000461000076000682450083001442600017002279010026002449990015002702148241024s9999 xx 000 0 und d aRD/372/R426e/1997 aRepública Dominicana. Secretaría de Estado de Educación y Cultura 0aEstudio Interdepartamental para determinar la situación de los/as animadores bUNICEFc1997 a6/3/2012 2:30:49 p.m. c8592d8592